En busca de la excelencia: experiencias de las empresas mejor gerenciadas de los Estados Unidos

Saved in:
Bibliografiske detaljer
Main Authors: Peters, Thomas J (Author), Waterman, Robert H (Author)
Format: Bog
Sprog:spansk
Udgivet: Barcelona Norma 1984
Serier:Empresas y empresarios
Fag:
Tags: Tilføj Tag
Ingen Tags, Vær først til at tagge denne postø!

MARC

LEADER 00000nam a2200000 a 4500
001 UCW2079
003 CL-VaPUC
008 910806e19840000SP |||||||||||||||||spa|d
082 0 4 |a 658  |b PET  |2 21 
100 0 |a Peters, Thomas J  |e author  |9 306039 
700 0 |a Waterman, Robert H  |e author  |9 306040 
245 1 0 |a En busca de la excelencia: experiencias de las empresas mejor gerenciadas de los Estados Unidos 
300 |a 340 p 
942 |c BK 
945 |d 19910806 00:00:00 
260 |a Barcelona  |b Norma  |c 1984 
650 0 |a Administración industrial   |9 259466 
650 0 |a Administración de empresas   |9 260833 
650 7 |a CAPACITACION DE EJECUTIVOS  |2 CL-VaPUC  |9 260630 
650 0 |a Psicología industrial  |9 271739 
650 0 |a Exito en los negocios   |9 271740 
651 0 |a Estados Unidos  |9 255178 
583 |a last modification  |c 19910806 00:00:00  |k Rodrigo Vera 
490 0 |a Empresas y empresarios 
999 |c 216719  |d 216717 
952 |0 0  |1 0  |4 0  |6 658_000000000000000_PET_1984  |7 0  |8 A  |9 202763  |a BIBENE  |b BIBENE  |d 2019-11-14  |i 2701081  |o 658 PET 1984  |p 2701081  |r 2025-01-15  |w 2019-11-14  |y BK  |k ICO 
952 |0 0  |1 0  |4 0  |6 658_000000000000000_PET_1984  |7 0  |8 A  |9 202764  |a BIBENE  |b BIBENE  |d 2019-11-14  |i 141240K  |o 658 PET 1984  |p 141240K  |r 2025-01-15  |w 2019-11-14  |y BK  |k ICO 
952 |0 0  |1 0  |4 0  |6 658_000000000000000_PET_1984  |7 0  |8 A  |9 202765  |a BIBENE  |b BIBENE  |d 2019-11-14  |i 1412450  |o 658 PET 1984  |p 1412450  |r 2025-01-15  |w 2019-11-14  |y BK  |k ICO 
952 |0 0  |1 0  |4 0  |6 658_000000000000000_PET_1984  |7 0  |8 A  |9 202766  |a BIBING  |b BIBING  |d 2019-11-14  |i 4514912  |o 658 PET 1984  |p 4514912  |r 2025-01-20  |w 2019-11-14  |y BK  |k EII